000
00294nam a22001217a 4500
003
OSt
008
150215b xxu||||| |||| 00| 0 eng d
100
1
_a
Weiss,William R.Jr.
041
_a
eng
245
1
0
_a
Collecting United States Covers And Postal History
260
_b
1987
_c
1987
300
_a
0 pages
999
_c
680
_d
680